| 000 | 00436cam a2200181ua 4500 | ||
|---|---|---|---|
| 020 | _cRe 1.00 | ||
| 041 |
_aeng _h |
||
| 082 |
_a320.58 _bPRA/MO |
||
| 100 | _aPrabhu, R K . | ||
| 245 |
_aMohan-Mala / _cR K Prabhu. _hTextual Documents |
||
| 260 |
_aAhmadabad : _bNavajivan publishing house , _c1949. |
||
| 300 | _a105 ; . | ||
| 365 | _aRe 1.00 | ||
| 504 | _a | ||
| 650 | _aGandhiana | ||
| 942 | _cBK | ||
| 999 |
_c2302 _d2302 |
||